01359nam a2200301Ia 450000500170000000800390001702000150005604100080007110000280007924500750010725000180018230000630020049000450026352002830030852100530059153400210064465000510066565000490071665000360076565000420080170000300084326400500087333600270092333700330095033800280098304000350101108400110104620220316235501.0121119s2000 mx a gr 000 0 spa a96816595971 aspa1 aBrowne, Anthony,d1946-14aLas pinturas de Willy cAnthony Browne ; traducción de Carmen Esteva a1a. edición a[26] páginas sin enumerarbilustraciones en colorc31 cm0 aLos especiales de a la orilla del viento aLas pinturas de Willy parecen grandes obras de arte, pero no lo son en realidad, pues Willy ha incluido su imagen y la de sus amigos en pinturas famosas de Leonardo da Vinci, Rafael, Picasso, Magritte, Frida Kahlo y muchos más. Como Willy sabe, cada cuadro cuenta una historia aRecomendado para niños de 8 años en adelante tWilly's pictures142LEMBaÁlbumes infantiles ingleses ySiglo XX142LEMBaLiteratura infantil inglesa ySiglo XX142LEMBaPintura en la literatura 142LEMBaLibros ilustrados para niños 1 aEsteva, Carmenetraductor aMéxico bFondo de Cultura Económicac2000 atextobtxt2rdacontent asin mediaciónbn2rdamedia avolumenbnc2rdacarrier aCO-BoRNBPbspaerdacCO-BoRNBP aA BRO1